000 00483nam a22001697a 4500
005 20231116094702.0
008 231116b |||||||| |||| 00| 0 eng d
020 _a0702112534
041 _aEnglish
082 _a343.9 COO
100 _aCooper, WE
_lEnglish
245 _aMotor Law
_cWE Cooper
260 _aCape Town :
_bJuta and Company Ltd,
_c1982
300 _bcxxvi, 740 pages ;
_c26 cm.
650 _aLegal practice
_bLaw
942 _cBK
_6ALISON_BN_VRIES
999 _c719
_d719